Les albums de Jul - Mort subite - Statistiques

Statistiques générales
  • Ce quiz a été pris 2 979 fois
  • Le résultat moyen est 7 sur 15
Answers on the Grid
Answers color-coded by a green-red scale on the quiz's grid according to % correct below.
D&P à vie
Inarrêtable
Mise à jour
Coeur blanc
Coeur noir
Extraterrestre
C'est pas des LOL
L'ovni
Jul
Julien
Dans ma paranoïa
Je tourne en rond
Album gratuit
Émotions
Inspi d'ailleurs
Rien 100 rien
Rien avec tout
Loin du monde
Se Grita
Avant la douane
En roue libre
Coco
La faille
Superstar
La street
Alors la zone
Ca va péter
Aujourd'hui
Drôle de dame
Tchikita
 
Statistiques - réponses
Réponse % Correct
Rien 100 rien
61%
C'est pas des LOL
55%
D&P à vie
55%
Dans ma paranoïa
55%
Album gratuit
54%
Coeur blanc
52%
L'ovni
51%
Émotions
48%
Inspi d'ailleurs
46%
Extraterrestre
43%
Loin du monde
42%
Inarrêtable
40%
Je tourne en rond
33%
Mise à jour
32%
Jul
26%
Aucun quiz correspondant
Distribution des résultats
% des personnes avec chaque résultat
Percentile par nombre de réponses
Votre historique - résultats
Vous n’avez pas pris ce quiz